Premier League Transfers 25/26 - Statistics

General Stats
  • This quiz has been taken 224 times
  • The average score is 55 of 120
Answer Stats
From To Fee Nation Answer % Correct
Leverkusen Liverpool 125M Germany Florian Wirtz
100%
Newcastle Liverpool 145M Sweden Alexander Isak
99%
Frankfurt Liverpool 95M France Hugo Ekitike
99%
Leipzig Man United 76M Slovenia Benjamin Sesko
98%
Brentford Man United 75M Cameroon Bryan Mbeumo
98%
Sporting Arsenal 65M Sweden Viktor Gyokeres
98%
Crystal Palace Arsenal 69M England Eberechi Eze
97%
Wolves Man United 74M Brazil Matheus Cunha
97%
Stuttgart Newcastle 85M Germany Nick Woltemade
95%
Leipzig Spurs 65M Netherlands Xavi Simons
94%
Real Sociedad Arsenal 70M Spain Martin Zubimendi
93%
Brighton Chelsea 63M Brazil Joao Pedro
92%
West Ham Spurs 63M Ghana Mohammed Kudus
91%
Bournemouth Liverpool 46M Hungary Milos Kerkez
90%
Man United Chelsea 46M Argentina Alejandro Garnacho
89%
Dortmund Chelsea 56M England Jamie Gittens
89%
Milan Man City 55M Netherlands Tijjani Reijnders
89%
Nottingham Newcastle 61M Sweden Anthony Elanga
87%
Chelsea Arsenal 56M England Noni Madueke
86%
Leverkusen Liverpool 40M Netherlands Jeremie Frimpong
84%
Brentford Newcastle 57M DR Congo Yoane Wissa
84%
Lyon Man City 36M France Rayan Cherki
81%
Wolves Man City 36M Algeria Rayan Ait-Nouri
80%
Palmeiras Chelsea 34M Brazil Estevao
74%
PSG Man City 30M Italy Gianluigi Donnarumma
74%
Ipswich Town Chelsea 35M England Liam Delap
72%
Ajax Chelsea 44M Netherlands Jorrel Hato
69%
Burnley Man City 31M England James Trafford
67%
Aston Villa Newcastle 45M England Jacob Ramsey
64%
Milan Newcastle 35M Germany Malick Thiaw
63%
Ipswich Town Nottingham 43M England Omari Hutchinson
60%
Leverkusen Sunderland 15M Switzerland Granit Xhaka
59%
Bologna Nottingham 42M Switzerland Dan Ndoye
57%
Man City Everton LOAN England Jack Grealish
57%
Chelsea Bournemouth 28M Serbia Djordje Petrovic
55%
Chelsea Everton 28M England Kiernan Dewsbury-Hall
55%
Southampton West Ham 44M Portugal Mateus Fernandes
55%
Southampton Everton 40M England Tyler Dibling
53%
Parma Liverpool 31M Italy Giovanni Leoni
51%
Chelsea Burnley 23M Albania Armando Broja
49%
Brentford Arsenal 11M Denmark Christian Norgaard
49%
Bournemouth Brentford 42M Burkina Faso Dango Ouattara
49%
Valencia Arsenal 15M Spain Cristhian Mosquera
48%
Chelsea Arsenal 5M Spain Kepa
48%
Liverpool Aston Villa LOAN England Harvey Elliott
47%
Bayern Spurs LOAN+5M Portugal Joao Palhinha
47%
Royal Antwerp Man United 21M Belgium Senne Lammens
47%
Man United Aston Villa LOAN England Jadon Sancho
45%
Man City Nottingham 25M England James McAtee
45%
Leverkusen Arsenal LOAN Ecuador Piero Hincapie
45%
Villarreal Crystal Palace 30M Spain Yeremy Pino
45%
Shakhtar Fulham 40M Brazil Kevin
43%
Arsenal Nottingham LOAN Ukraine Oleksandr Zinchenko
43%
PSG Spurs LOAN France Randal Kolo Muani
43%
Liverpool Brentford 14M Ireland Caoihmin Kelleher
42%
Brighton Sunderland 24M Ivory Coast Simon Adingra
42%
Man United Aston Villa FREE Sweden Victor Lindelof
42%
Ajax Sunderland 20M Netherlands Brian Brobbey
40%
Leicester West Ham 20M Denmark Mads Hermansen
40%
Leverkusen Bournemouth 21M Morocco Amine Adli
39%
Liverpool Bournemouth 23M Scotland Ben Doak
39%
Chelsea Burnley 28M France Lesley Ugochukwu
38%
Brighton West Ham LOAN Brazil Igor
37%
Club Brugge Brighton 20M Belgium Maxim de Cuyper
37%
Milan Leeds 19M Switzerland Noah Okafor
37%
PSG Sunderland 12M France Nordi Mukiele
37%
Nice Aston Villa 30M Ivory Coast Evann Guessand
36%
Man City Burnley 4M England Kyle Walker
36%
Brighton Chelsea LOAN+2M Argentina Facundo Buonanotte
35%
Parma Everton 30M France Thierno Barry
35%
Juventus Nottingham LOAN+3M Brazil Douglas Luiz
34%
Atletico Madrid Sunderland FREE Mozambique Reinildo
34%
Lille Bournemouth 35M France Bafode Diakite
33%
Stade Rennais Bournemouth 13M France Adrien Truffert
32%
Ajax Sunderland 2M Burkina Faso Bertrand Traore
32%
Strasbourg Sunderland 31M Senegal Habib Diarra
32%
Newcastle Burnley 1M Slovakia Martin Dubravka
32%
Hoffenheim Leeds 20M Germany Anton Stach
31%
Newcastle Leeds 13M England Sean Longstaff
31%
Ajax Brentford FREE England Jordan Henderson
29%
Club Brugge Sunderland 20M Morocco Chemsdine Talbi
28%
Arsenal Brentford LOAN England Reiss Nelson
28%
Wolfsburg Leeds FREE Germany Lukas Nmecha
27%
Stade Brest Aston Villa 1M Netherlands Marco Bizot
27%
Southampton Newcastle LOAN+4M England Aaron Ramsdale
26%
Everton Leeds FREE England Dominic Calvert-Lewin
26%
Newcastle West Ham FREE England Callum Wilson
25%
Lyon Leeds 16M Brazil Lucas Perri
25%
Ajax Crystal Palace 2M Croatia Borna Sosa
24%
Fluminense Wolves 17M Colombia Jhon Arias
24%
Milan Fulham LOAN Nigeria Samuel Chukwueze
24%
Sporting Chelsea 22M Portugal Dario Essugo
23%
NEC Sunderland 10M Netherlands Robin Roefs
23%
Milan Bournemouth LOAN+1M Spain Alex Jimenez
22%
Olympiacos Brighton 35M Greece Charalampos Kostoulas
22%
AZ Wolves 12M Norway David Moller Wolfe
22%
Genk Wolves 26M Nigeria Tolu Arokodare
22%
Stade Rennais Nottingham 30M France Arnaud Kalimuendo
20%
Besiktas Sunderland FREE DR Congo Arthur Masuaku
20%
Strasbourg Nottingham 35M France Dilane Bakwa
20%
Udinese Leeds 18M Slovenia Jaka Bijol
20%
PSV Crystal Palace FREE Argentina Walter Benitez
20%
Leipzig Sunderland LOAN Netherlands Lutsharel Geertruida
19%
PSV Brighton FREE France Olivier Boscagli
19%
Stuttgart Burnley 4M Denmark Jacob Bruun Larsen
18%
Girona Wolves LOAN+22M Czech Rep Ladislav Krejci
18%
Juventus Nottingham 13M Italy Nicolo Savona
18%
Ipswich Town Burnley FREE DR Congo Axel Tuanzebe
17%
Montpellier Fulham 500k France Benjamin Lecomte
16%
Getafe Crystal Palace LOAN Nigeria Christantus Uche
16%
Southampton West Ham FREE England Kyle Walker-Peters
16%
Wolfsburg Leeds 6M Belgium Sebastiaan Bornauw
16%
Benfica Burnley LOAN+2M Portugal Florentino
15%
Leicester Leeds 9M England James Justin
15%
Feyenoord Burnley 10M Netherlands Quilindschy Hartman
14%
Freiburg Everton LOAN+2M Germany Merlin Rohl
12%
Monaco West Ham 17M France Soungoutou Magassa
12%
Feyenoord Brentford 20M Netherlands Antoni Milambo
11%
Lazio Burnley 15M France Loum Tchaouna
11%
Hellas Verona Wolves 12M Cameroon Jackson Tchatchoua
9%
No matching quizzes found
Score Distribution
Percent of People with Each Score
Percentile by Number Answered
Your Score History
You have not taken this quiz